Aplicación del frenado hidraúlico a las escalas salmoneras (Record no. 189551)

MARC details
000 -LEADER
campo de control de longitud fija 00885nam a2200205 i 4500
001 - NÚMERO DE CONTROL
campo de control 189551
003 - IDENTIFICADOR DE NÚMERO DE CONTROL
campo de control ES-MaACL
005 - FECHA Y HORA DE LA ÚLTIMA TRANSACCIÓN
campo de control 20250902233322.0
007 - CAMPO FIJO DE DESCRIPCIÓN FÍSICA--INFORMACIÓN GENERAL
campo de control de longitud fija t|
008 - DATOS DE LONGITUD FIJA--INFORMACIÓN GENERAL
campo de control de longitud fija 190611s1949 sp r ||||1| spa d
100 0# - ENTRADA PRINCIPAL--NOMBRE DE PERSONA
Nombre de persona García Nájera, José María.
9 (RLIN) 55019
245 10 - MENCIÓN DEL TÍTULO
Título Aplicación del frenado hidraúlico a las escalas salmoneras
Resto del título : estudio hidrodinámico de dos tipos: continuo de rampa y vertical intermitente /
Mención de responsabilidad, etc. por José María García Nájera.
260 ## - PUBLICACIÓN, DISTRIBUCIÓN, ETC.
Lugar de publicación, distribución, etc. Madrid :
Nombre del editor, distribuidor, etc. Instituto Forestal de Investigaciones y Experiencias,
Fecha de publicación, distribución, etc. 1949.
300 ## - DESCRIPCIÓN FÍSICA
Extensión 54 p. :
Otras características físicas il. ;
Dimensiones 24 cm.
490 1# - MENCIÓN DE SERIE
Mención de serie Instituto Forestal de Investigaciones y Experiencias ;
Designación de volumen o secuencia Año XX nº 47
650 #7 - PUNTO DE ACCESO ADICIONAL DE MATERIA--TÉRMINO DE MATERIA
Término de materia o nombre geográfico como elemento de entrada Ingeniería hidráulica
Fuente del encabezamiento o término embne
9 (RLIN) 136287
830 0# - PUNTO DE ACCESO ADICIONAL DE SERIE-TÍTULO UNIFORME
Título uniforme Instituto Forestal de Investigaciones y Experiencias ;
Designación de volumen o secuencia Año XX nº 47
9 (RLIN) 181435
852 ## - LOCALIZACIÓN
Ubicación ES-MaACL
Número de control de estantería P-569-Bis-34
Holdings
Estatus retirado Estado de pérdida Estado de daño No para préstamo Biblioteca de origen Biblioteca actual Ubicación en estantería Fecha de adquisición Fuente de adquisición Total de préstamos Signatura topográfica completa Código de barras Visto por última vez Precio de reemplazo Tipo de ítem Koha
        Biblioteca del Ateneo de Madrid Biblioteca del Ateneo de Madrid Depósito 2 11/06/2019     P-569-Bis-34 1200851 23/02/2023 23/02/2023 Libro impreso